000 01060nam a2200265Ia 4500
003 OSt
005 20220923211139.0
006 a|||||r|||| 00| 0
007 ta
008 220922b |||||||| |||| 00| 0 urd d
020 _a8185999945 (hbk)
_c590
024 _a233,288
037 _b418, 28/02/2008, University Book House
_cTextual
040 _aARTS
_cARTS
_burd
041 _2urd
_aurd
082 _aO168,3:g(Q2:1), 152P6
100 _aरहमान मुसव्विर
_9158749
245 0 _aपाकिस्तानी उर्दू कथा साहित्य में भारतीय मिथक
246 _aPākistānī urdū kathā sāhitya mean bhāratīya mithaka
260 _aदिल्ली
_b स्वराज प्रकाशन
_c2006
300 _a181पृ0
_ccm.
650 _aउर्दू साहित्य
_9158750
942 _hO168,3:g(Q2:1), 152P6
_cTEXL
_2CC
999 _c295945
_d295945